| 000 | 00414pab a2200181 454500 | ||
|---|---|---|---|
| 008 | 180718b2010 xxu||||| |||| 00| 0 eng d | ||
| 100 | _aLal, Sanjay | ||
| 245 | _aGlobalization, Gandhism and free trade | ||
| 260 | _c2010 | ||
| 300 | _ap.3-10. | ||
| 362 | _aJan-Jun | ||
| 650 | _aFree trade | ||
| 650 | _aGandhi, M.K. | ||
| 650 | _aGlobalization | ||
| 773 | _aMan in India | ||
| 908 | _aN | ||
| 909 | _a86575 | ||
| 999 |
_c86575 _d86575 |
||